000 00598nam a22001457a 4500
020 _a978-81-291-0459-5
082 _a823
_bBHA/F
100 _aBHAGAT, CHETAN
245 _aFIVE POINT SOMEONE
260 _aDELHI
_bRUPA PUBLICATIONS
_c2004
300 _a267
520 _aFive Point Someone is a story about three friends in IIT who are unable to cope. The book starts with a disclaimer, “This is not a book to teach you how to get into IIT or even how to live in college. In fact, it describes how screwed up things can get if you don't think straight.”
650 _aNOVEL
_zINDIA
942 _cBK
999 _c2737
_d2737